000 00520nam a2200181Ia 4500
005 20250326124941.0
008 250326s9999 xx 000 0 und d
037 _aTextbook
040 _aFMSL
_beng
_cFMSL
041 _aeng
_2eng
084 _aX:8F L9
_qFMSL
100 _aMcniff M
_9738253
245 0 _aAccounts payable & accounts receivable cbasic
_cMcniff M; Thomson R
260 _aCalifornia
_bCalifornia, McGrwa-Hill
_c1979
300 _a358p
942 _cTB
_hX:8F L9
999 _c1275887
_d1275887